Loading...
| Any History | 5 | 12.00 | 80% | 40% | 0% |
| Current Events | 5 | 12.00 | 80% | 40% | 0% |
| Fine Arts - Classical Music | 6 | 10.00 | 100% | 0% | 0% |
| Fine Arts - Other Fine Arts | 4 | 10.00 | 75% | 25% | 0% |
| Geography | 3 | 13.33 | 100% | 33% | 0% |
| History - American History | 8 | 12.50 | 88% | 38% | 0% |
| History - European History | 6 | 10.00 | 83% | 17% | 0% |
| History - World History | 6 | 13.33 | 100% | 17% | 17% |
| Literature - American Literature | 6 | 13.33 | 100% | 33% | 0% |
| Literature - British Literature | 8 | 12.50 | 100% | 25% | 0% |
| Literature - European Literature | 7 | 12.86 | 100% | 29% | 0% |
| Literature - World Literature | 5 | 16.00 | 100% | 60% | 0% |
| Mythology | 3 | 10.00 | 67% | 0% | 33% |
| Other Academic | 6 | 11.67 | 83% | 33% | 0% |
| Painting & Sculpture | 9 | 7.78 | 56% | 22% | 0% |
| Philosophy | 5 | 10.00 | 100% | 0% | 0% |
| Religion | 2 | 20.00 | 100% | 50% | 50% |
| Science - Biology | 3 | 13.33 | 100% | 33% | 0% |
| Science - Chemistry | 10 | 13.00 | 90% | 40% | 0% |
| Science - Other Science | 8 | 12.50 | 88% | 38% | 0% |
| Science - Physics | 6 | 20.00 | 100% | 83% | 17% |
| Social Science | 8 | 11.25 | 88% | 25% | 0% |